Morse Code - Letters & Numbers - Statistics

General Stats
  • This quiz has been taken 119 times
  • The average score is 15 of 36
Answer Stats
Hint Answer % Correct
. E
62%
--- O
62%
... S
60%
.... H
57%
-. N
52%
....- 4
50%
----- 0
48%
.---- 1
48%
..--- 2
48%
-.... 6
48%
.- A
48%
.. I
48%
..... 5
45%
---.. 8
45%
.--. P
45%
-.-. C
43%
.-.. L
43%
-- M
40%
--.- Q
40%
- T
40%
----. 9
38%
-... B
38%
-..- X
38%
--... 7
36%
--. G
36%
-.- K
36%
.-. R
36%
..- U
36%
--.. Z
36%
...-- 3
33%
-.. D
33%
.--- J
33%
...- V
33%
-.-- Y
31%
..-. F
26%
.-- W
21%
No matching quizzes found
Score Distribution
Percent of People with Each Score
Percentile by Number Answered
Your Score History
You have not taken this quiz